Statistics for All Goalies of Colorado Avalanche

Click here to take the quiz!

General Stats

  • This quiz has been taken 37 times
  • The average score is 11 of 34

Answer Stats

YearsNationalityAnswerGP% Correct
1995-2003CANPatrick Roy478
100%
2021-presentCANDarcy Kuemper54
79%
2018-presentCZEPavel Francouz56
70%
2011-2019RUSSemyon Varlamov389
67%
2018-2021GERPhilipp Grubauer113
64%
2000-2006SUIDavid Aebischer174
58%
2005-2008CANJosé Theodore91
52%
2005-2011SVKPeter Budaj257
45%
2011-2014CANJean-Sebastién Giguere72
39%
2021-presentFINJustus Annunen2
39%
2014-2017CANCalvin Pickard86
36%
2009-2011USACraig Anderson104
36%
1995-1996CANJocelyn Thibault10
33%
2020-2022SWEJonas Johansson17
33%
1995-1996CANStéphane Fiset37
33%
1996-1999CANCraig Billington67
21%
2019-2020CANMichael Hutchinson1
21%
2013-2016SUIReto Berra35
21%
2017-2018CANAndrew Hammond1
18%
2008-2009CANAndrew Raycroft31
18%
2017-2018CANJonathan Bernier37
18%
2019-2020SWEAdam Werner2
15%
2019-2020CANAntoine Bibeau2
15%
2020-2021CANDevan Dubnyk5
15%
1996-2000CANMarc Denis28
15%
2003-2004SWETommy Salo5
15%
2016-2017USAJeremy Smith10
12%
2015-2016CZERoman Will1
12%
2016-2017CANSpencer Martin3
12%
2005-2006KAZVitaly Kolesnik8
12%
2003-2004USAPhilippe Sauvé17
9%
1999-2000CANRick Tabaracci2
9%
2007-2008CANTyler Weiman1
9%
2012-2014FINSami Aittokallio2
6%

Score Distribution

Percentile by Number Answered

Percent of People with Each Score

Your Score History

You have not taken this quiz